• 首页
  • 本馆介绍
  • 公告通知
  • 最新文献
  • 馆藏检索
  • 电子资源
  • 读者导购
  • 参考咨询
  • 我的图书馆
  • 登录
  • 详细信息显示
  • 放入我的书架
  • 预约/预借图书
  • 作者相关作品
  • 分类相关作品
  • 丛书相关作品
  • 出版社相关作品

书目信息

  • 表格格式
  • 工作单格式
  • 卡片格式
题名:
有机化合物光谱鉴定
    
 
作者: 西尔弗斯坦 著 ;姚海文 译
分册:  
出版信息: 北京   科学出版社  1988.4
页数: 431页
开本: 26cm
丛书名:
单 册:
中图分类: O621.15
科图分类:
主题词: 光谱分析-有机化合物 , 有机化合物-光谱分析
电子资源:
ISBN: 7-03-000389-6
000 00977nam0 2200265 45
001 0188015925
005 20051229105742.43
010    @a7-03-000389-6@dCNY8.40
020    @aCN@b88015925
100    @a19910417d1988 km y0chiy0120 ea
101 1  @achi@ceng
102    @aCN@b110000
105    @ay z 000yy
200 10 @a有机化合物光谱鉴定@Ayou ji hua he wu guang pu jian ding@f(美)R·M·西尔弗斯坦等著@F(mei)R·M·xi er fu si tan deng zhu@g姚海文译
205    @a2版
210    @a北京@c科学出版社@d1988.4
215    @a431页@d26cm
330    @a本书简要地叙述了质谱法、红外光谱法、H和13C核磁共振波谱法和紫外光谱法等的基本原理,详细介绍了它们在有机化合物结构鉴定上的应用,并通过实例讲解了利用上述各种光谱方法鉴定有机化合物的结构。
606    @a光谱分析-有机化合物
606    @a有机化合物-光谱分析
690    @aO621.15@v3
701  0 @a西尔弗斯坦@Axi er fu si tan@4著
702  0 @a姚海文@Ayao hai wen@4译
801  0 @aCN@bNLC@c20051229
905    @f1@b211455@dO621.15@e43=2
    
    有机化合物光谱鉴定/(美)R·M·西尔弗斯坦等著/姚海文译.-2版.-北京:科学出版社,1988.4
    431页;26cm
    
    
    ISBN 7-03-000389-6:CNY8.40
    本书简要地叙述了质谱法、红外光谱法、H和13C核磁共振波谱法和紫外光谱法等的基本原理,详细介绍了它们在有机化合物结构鉴定上的应用,并通过实例讲解了利用上述各种光谱方法鉴定有机化合物的结构。
●
相关链接 在E读中查询图书 在五车中查询图书 在当当中查询图书 在豆瓣中查询图书


正题名:有机化合物光谱鉴定     索取号:O621.15/43=2         预约/预借

序号 登录号 条形码 馆藏地/架位号 状态 备注
1 0211455   000352175   第三借阅区/ [索取号:O621.15/43=2] 在馆    
2 0211456   202175136   密集书库/ [索取号:O621.15/43=2] 在馆    
3 0251570   202100966   第二样本阅览室/ [索取号:O621.15/43=2] 在馆    
唐山师范学院图书馆 欢迎您!
大连网信软件有限公司© 版权所有